000 00268nam a22001217a 4500
008 170630b xxu||||| |||| 00| 0 eng d
041 _aeng
080 _a82
100 _a22
101 _aGJL
245 _aMARCUS AURELIUS AND HIS TIMES
_cAURELIUS,M
942 _2udc
_cBK
999 _c19781
_d19781